Plánovanie a prevedenie misie autonómneho robota

Salvato in:
Dettagli Bibliografici
Autore principale: Molnár, Michal (Autore)
Altri autori: Babinec, Andrej (Relatore della tesi)
Natura: Manoscritto Libro
Lingua:slovacco
Pubblicazione: Bratislava : STU v Bratislave FEI, 2023
Soggetti:
Accesso online:https://opac.crzp.sk/?fn=detailBiblioFormChildGDPOS&sid=C0DEB8E07572332BA9270915805F&seo=CRZP-detail-kniha
Tags: Aggiungi Tag
Nessun Tag, puoi essere il primo ad aggiungerne!!

MARC

LEADER 00000ntm a22000003a 4500
001 stuzp91993
003 SK-STU
005 20241204125404.5
007 ta
008 150427s2015----xo-----f-mn---000-0-slo-d
040 |a STU  |b slo 
041 0 |a slo 
044 |a xo 
100 1 |a Molnár, Michal  |u 031000  |4 aut  |U FEI Fakulta elektrotechniky a informatiky  |T FEI Ústav robotiky a kybernetiky  |X 98352  |U E011  |Y 356  |7 98352 
242 0 1 |a Planning and Execution of an Autonomous Robot Mission  |y eng 
245 1 0 |a Plánovanie a prevedenie misie autonómneho robota 
260 |a Bratislava :  |b STU v Bratislave FEI,  |c 2023 
300 |a 86 s. 
650 4 |a ROS  |2 slo 
650 4 |a Python  |2 slo 
650 4 |a štvornohý robot  |2 slo 
650 4 |a plánovač misie  |2 slo 
650 4 |a konečný automat  |2 slo 
650 4 |a strom správania  |2 slo 
650 4 |a ROS  |2 eng 
650 4 |a Python  |2 eng 
650 4 |a four-legged robot  |2 eng 
650 4 |a mission planner  |2 eng 
650 4 |a finite state machine  |2 eng 
650 4 |a behavior tree  |2 eng 
700 1 |a Babinec, Andrej  |u 031000  |k Z1  |4 ths  |U FEI Fakulta elektrotechniky a informatiky  |T FEI Ústav robotiky a kybernetiky  |X 11598  |U E011  |Y 356  |7 A000011598 
856 4 |u https://opac.crzp.sk/?fn=detailBiblioFormChildGDPOS&sid=C0DEB8E07572332BA9270915805F&seo=CRZP-detail-kniha